| Tag |
First Indicator |
Second Indicator |
Subfields |
| LEADER |
00000cam a2200000 a 4500 |
| 001 |
in00000080642 |
| 005 |
20151008054030.0 |
| 008 |
810427s1980 ncu b s00010 eng |
| 010 |
|
|
|a 81620519
|
| 035 |
|
|
|a (OCoLC)06848095
|
| 035 |
|
|
|9 AAH9417AM
|
| 040 |
|
|
|a DLC
|c DLC
|d TXA
|d UtOrBLW
|
| 043 |
|
|
|a n-us-nc
|
| 049 |
|
|
|a TXAM
|c [1422120]
|
| 050 |
0 |
0 |
|a KFN7491.A3
|b S75 1980
|
| 082 |
0 |
|
|a 344.765/0326
|a 347.6504326
|2 19
|
| 100 |
1 |
|
|a Strickland, Lucy.
|
| 245 |
1 |
4 |
|a The law and the elderly in North Carolina /
|c Lucy Strickland, Mason P. Thomas, Jr.
|
| 250 |
|
|
|a Rev. ed.
|
| 264 |
|
1 |
|a [Chapel Hill] :
|b Institute of Government, University of North Carolina at Chapel Hill,
|c 1980.
|
| 300 |
|
|
|a x, 154 pages ;
|c 23 cm.
|
| 336 |
|
|
|a text
|b txt
|2 rdacontent
|
| 337 |
|
|
|a unmediated
|b n
|2 rdamedia
|
| 338 |
|
|
|a volume
|b nc
|2 rdacarrier
|
| 504 |
|
|
|a Includes bibliographical references.
|
| 650 |
|
0 |
|a Older people
|x Legal status, laws, etc.
|z North Carolina.
|
| 650 |
|
0 |
|a Old age assistance
|z North Carolina.
|
| 700 |
1 |
|
|a Thomas, Mason P.
|
| 710 |
2 |
|
|a Institute of Government (Chapel Hill, N.C.)
|
| 999 |
|
|
|a MARS
|
| 999 |
f |
f |
|s 5e73bb7e-a2c6-3b5a-9b39-2afc7f0a6de8
|i c5729ffe-0478-32b3-929d-c93d7fba9833
|t 0
|
| 952 |
f |
f |
|p ric
|a Texas A&M University
|b Rellis Campus
|c Joint Library Facility
|d Remote Storage
|t 0
|e KFN7491.A3 S75 1980
|h Library of Congress classification
|i unmediated -- volume
|m A14806157496
|
| 998 |
f |
f |
|a KFN7491.A3 S75 1980
|t 0
|l Remote Storage
|